[Event "COL-ch 20 Girls"]
[Site "Bogota"]
[Date "2025.01.29"]
[Round "1"]
[White "Cotrino Torres, Lineth Sofia"]
[Black "Largo Chaparro, Sofia Alejandra"]
[Result "0-1"]
[WhiteElo "1546"]
[BlackElo "1793"]
[PlyCount "68"]
[EventDate "2025.01.29"]
[EventType "swiss"]
[EventRounds "9"]
[EventCountry "COL"]
[SourceTitle "CB06_2025"]
[SourceDate "2025.02.05"]
[SourceVersion "1"]
[SourceVersionDate "2025.02.05"]
[SourceQuality "1"]

1. e4 c5 2. Nf3 g6 3. d4 cxd4 4. Nxd4 Nc6 5. Be3 Bg7 6. Nc3 Nf6 7. Be2 0-0 8. 0-0 d5 9. Nxc6 bxc6 10. exd5 cxd5 11. Bd4 Bb7 12. f4 Ne4 13. Bxg7 Kxg7 14. Qd4+ Kg8 15. Nxe4 dxe4 16. Qe5 Rc8 17. Rac1 Qd2 18. Qxe7 Ba8 19. Bg4 e3 20. Bf3 Bxf3 21. gxf3 e2 22. Rfe1 Rxc2 23. Kf2 Rxc1 24. Rxe2 Qd4+ 25. Kg3 Rg1+ 26. Rg2 h5 27. Qg5 Re8 28. Kh3 Rxg2 29. Qxg2 Qxf4 30. Qf2 Qe3 31. Qg3 Qe6+ 32. Kh4 Qe1 33. Kh3 Qxg3+ 34. hxg3 Re2 0-1

[Event "COL-ch U18"]
[Site "Florencia Caqueta"]
[Date "2024.10.06"]
[Round "7"]
[White "Rivera Burgos, Aura Daniela"]
[Black "Largo Chaparro, Sofia Alejandra"]
[Result "0-1"]
[WhiteElo "1493"]
[BlackElo "1846"]
[PlyCount "36"]
[EventDate "2024.10.06"]
[EventType "swiss (blitz)"]
[EventRounds "9"]
[EventCountry "COL"]
[SourceTitle "CB44_2024"]
[Source "Chessbase"]
[SourceDate "2024.10.30"]
[SourceVersion "1"]
[SourceVersionDate "2024.10.30"]
[SourceQuality "1"]

1. d4 Nf6 2. Nf3 g6 3. Bf4 Bg7 4. c3 d6 5. e3 0-0 6. h3 Nbd7 7. Nbd2 Re8 8. Be2 e5 9. Bg3 e4 10. Nh2 d5 11. f3 c6 12. 0-0 Nh5 13. Bf2 Nhf6 14. c4 h5 15. fxe4 Nxe4 16. Nxe4 dxe4 17. Qc2 f5 18. Rfe1 Qg5 0-1

[Event "Bogota Distrito Capital op-B"]
[Site "Bogota"]
[Date "2024.09.21"]
[Round "4"]
[White "Lopez Ramirez, Jorge Hernan"]
[Black "Largo Chaparro, Sofia Alejandra"]
[Result "1-0"]
[WhiteElo "1921"]
[BlackElo "1699"]
[PlyCount "77"]
[EventDate "2024.09.19"]
[EventType "swiss"]
[EventRounds "7"]
[EventCountry "COL"]
[SourceTitle "EXT 2025"]
[Source "ChessBase"]
[SourceDate "2024.10.14"]
[SourceVersion "1"]
[SourceVersionDate "2024.10.14"]
[SourceQuality "1"]

1. e4 c5 2. d4 cxd4 3. c3 d3 4. Bxd3 g6 5. Nf3 Bg7 6. Be3 Nc6 7. Na3 d6 8. Qb3 Nf6 9. h3 0-0 10. Rd1 Nd7 11. 0-0 Qa5 12. Be2 Nc5 13. Qc2 Qa4 14. Bxc5 Qxc2 15. Nxc2 dxc5 16. Rd5 b6 17. Bb5 Bb7 18. Rd7 Nd8 19. Rxe7 Bf6 20. Rd7 Bxe4 21. Ne3 Bxf3 22. gxf3 Ne6 23. Nd5 Bh4 24. Re1 Rfd8 25. Re4 Ng5 26. Ra4 Nxf3+ 27. Kf1 Rxd7 28. Bxd7 Ne5 29. Bb5 Bd8 30. f4 Nf3 31. Ne3 Bh4 32. Bc6 Nd2+ 33. Ke2 Rd8 34. Bd5 Nb1 35. Rxa7 Rf8 36. Be4 Nxc3+ 37. bxc3 Bg3 38. Kf3 Be1 39. c4 1-0

[Event "Bogota Distrito Capital op-B"]
[Site "Bogota"]
[Date "2024.09.20"]
[Round "3"]
[White "Largo Chaparro, Sofia Alejandra"]
[Black "Conti, Julian"]
[Result "1/2-1/2"]
[WhiteElo "1699"]
[BlackElo "1907"]
[PlyCount "81"]
[EventDate "2024.09.19"]
[EventType "swiss"]
[EventRounds "7"]
[EventCountry "COL"]
[SourceTitle "EXT 2025"]
[Source "ChessBase"]
[SourceDate "2024.10.14"]
[SourceVersion "1"]
[SourceVersionDate "2024.10.14"]
[SourceQuality "1"]

1. d4 Nf6 2. Bf4 d5 3. e3 c5 4. c3 Nc6 5. Nd2 cxd4 6. exd4 Bf5 7. Ngf3 e6 8. h3 Bd6 9. Bg5 h6 10. Bh4 g5 11. Bg3 Bxg3 12. fxg3 Qd6 13. Kf2 0-0-0 14. g4 Be4 15. Qa4 Kb8 16. Bb5 Bxf3 17. gxf3 Ne7 18. Nb3 h5 19. Nc5 hxg4 20. hxg4 Rh2+ 21. Rxh2 Qxh2+ 22. Ke3 Rh8 23. Be2 Qf4+ 24. Kd3 Nc6 25. Qb5 Nd8 26. Nd7+ Nxd7 27. Qxd7 Qc7 28. Qxc7+ Kxc7 29. Rf1 Rh3 30. Kd2 Kd6 31. f4 gxf4 32. Rxf4 Ke7 33. Rf1 f6 34. Rg1 Nf7 35. Bf1 Rh2+ 36. Rg2 Rh1 37. Bd3 Ng5 38. Ke2 e5 39. a3 Nh3 40. Bf5 Nf4+ 41. Kd2 1/2-1/2

[Event "COL-ch U18 Girls"]
[Site "Ibague"]
[Date "2024.03.16"]
[Round "5"]
[White "Lizarazo Camelo, Sara Alejandra"]
[Black "Largo Chaparro, Sofia Alejandra"]
[Result "0-1"]
[WhiteElo "1400"]
[BlackElo "1672"]
[PlyCount "80"]
[EventDate "2024.03.14"]
[EventType "swiss"]
[EventRounds "7"]
[EventCountry "COL"]
[SourceTitle "CBM 219 Extra"]
[Source "ChessBase"]
[SourceDate "2024.05.31"]
[SourceVersion "1"]
[SourceVersionDate "2024.05.31"]
[SourceQuality "1"]

1. e4 c5 2. Nf3 g6 3. c4 Bg7 4. d4 cxd4 5. Nxd4 Nc6 6. Be3 Nf6 7. Nc3 0-0 8. Be2 Qa5 9. 0-0 d6 10. f3 Nxd4 11. Bxd4 Be6 12. Nd5 Bxd5 13. cxd5 Rfc8 14. Kh1 Nd7 15. Bxg7 Kxg7 16. Qb3 Rc7 17. f4 Rac8 18. Bg4 Rd8 19. Bxd7 Rdxd7 20. f5 Qd2 21. fxg6 hxg6 22. Qf3 f6 23. Qf2 Rc2 24. Qxd2 Rxd2 25. b3 Rc7 26. Rfc1 Rxc1+ 27. Rxc1 Rxa2 28. h3 Kf7 29. g4 Rb2 30. Rc3 b5 31. h4 Re2 32. h5 Rxe4 33. Rc7 gxh5 34. gxh5 Rh4+ 35. Kg2 Rxh5 36. Rxa7 Rxd5 37. Rb7 f5 38. Kf3 Kf6 39. Rb8 Rd3+ 40. Kf4 e5# 0-1

[Event "COL-ch U18 Girls"]
[Site "Ibague"]
[Date "2024.03.14"]
[Round "1"]
[White "Melo Diaz, Karol Sofia"]
[Black "Largo Chaparro, Sofia Alejandra"]
[Result "0-1"]
[WhiteElo "1500"]
[BlackElo "1672"]
[PlyCount "62"]
[EventDate "2024.03.14"]
[EventType "swiss"]
[EventRounds "7"]
[EventCountry "COL"]
[SourceTitle "CBM 219 Extra"]
[Source "ChessBase"]
[SourceDate "2024.05.31"]
[SourceVersion "1"]
[SourceVersionDate "2024.05.31"]
[SourceQuality "1"]

1. e4 c5 2. Nc3 g6 3. Bc4 Bg7 4. Nge2 Nc6 5. b3 Nf6 6. f3 e6 7. Bb2 0-0 8. 0-0 a6 9. f4 b5 10. Bd3 c4 11. bxc4 bxc4 12. Bxc4 Qb6+ 13. Kh1 Qxb2 14. Rb1 Qa3 15. Rb3 Qe7 16. e5 Ne8 17. Ng3 Na5 18. d3 Nxb3 19. cxb3 d5 20. Nxd5 exd5 21. Bxd5 Bb7 22. Bc4 Kh8 23. Qg4 f5 24. Qh3 Nc7 25. Re1 Qb4 26. Rc1 Qd2 27. Rf1 Bd5 28. Bxd5 Nxd5 29. e6 Rfe8 30. Qh4 Ne3 31. h3 Qxg2# 0-1

[Event "COL-chT (Women)"]
[Site "Risaralda"]
[Date "2023.11.19"]
[Round "1.3"]
[White "Toro Castaneda, Elizabeth"]
[Black "Largo Chaparro, Sofia Alejandra"]
[Result "1-0"]
[WhiteElo "1991"]
[BlackElo "1465"]
[PlyCount "45"]
[EventDate "2023.11.19"]
[EventType "team-swiss"]
[EventRounds "7"]
[EventCountry "COL"]
[SourceTitle "CBM 217 Extra"]
[Source "ChessBase"]
[SourceDate "2024.01.31"]
[SourceVersion "1"]
[SourceVersionDate "2024.01.31"]
[SourceQuality "1"]
[WhiteTeam "Antioquia (W)"]
[BlackTeam "Boyaca (W)"]
[WhiteTeamCountry "COL"]
[BlackTeamCountry "COL"]

1. e4 e6 2. d3 d5 3. Nd2 c5 4. Ngf3 Nc6 5. g3 Bd6 6. Bg2 Nge7 7. 0-0 0-0 8. Re1 Qc7 9. Nf1 b5 10. Ng5 f6 11. exd5 exd5 12. Nh3 Bd7 13. Ne3 Kh8 14. Qh5 d4 15. Nd5 Nxd5 16. Bxd5 Qc8 17. Be4 f5 18. Ng5 h6 19. Qg6 hxg5 20. Qh5+ Kg8 21. Bd5+ Rf7 22. Qxf7+ Kh8 23. Qh5# 1-0

[Event "Pereira Fiestas de la Cosecha op"]
[Site "Pereira"]
[Date "2023.08.27"]
[Round "7"]
[White "Granada, Ferney de Jesus"]
[Black "Largo Chaparro, Sofia Alejandra"]
[Result "1-0"]
[WhiteElo "1186"]
[BlackElo "1392"]
[PlyCount "91"]
[EventDate "2023.08.24"]
[EventType "swiss"]
[EventRounds "7"]
[EventCountry "COL"]
[SourceTitle "CBM 216 Extra"]
[Source "ChessBase"]
[SourceDate "2023.11.30"]
[SourceVersion "1"]
[SourceVersionDate "2023.11.30"]
[SourceQuality "1"]

1. e4 c5 2. Nf3 e6 3. d4 cxd4 4. Nxd4 a6 5. Be2 b5 6. 0-0 Bb7 7. Bf3 Nc6 8. Be3 Qc7 9. Nc3 Nf6 10. Nxc6 Bxc6 11. Bg5 Be7 12. Re1 d6 13. a3 0-0 14. Qd3 Rfd8 15. Rad1 h6 16. Bh4 Qb7 17. h3 b4 18. axb4 Qxb4 19. Rb1 Rac8 20. Qxa6 Bb7 21. Qe2 d5 22. Bxf6 Bxf6 23. e5 Bg5 24. Kh1 Rc4 25. Nd1 Ba6 26. c3 Qb3 27. Ne3 Ra4 28. Qc2 Qxc2 29. Nxc2 Bd3 30. Bd1 Bd2 31. Rg1 Ra2 32. Ra1 Rxb2 33. Ne3 Bxc3 34. Bf3 Bxe5 35. Ng4 Bd4 36. Rgd1 Rb3 37. Rd2 f5 38. Nh2 e5 39. Rad1 e4 40. Bh5 Ra8 41. g4 Bc3 42. Rxd3 exd3 43. Rxd3 Ra1+ 44. Kg2 fxg4 45. Bxg4 d4 46. Be6+ 1-0

[Event "COL-chT Rapid (Women)"]
[Site "Santa Marta"]
[Date "2022.11.04"]
[Round "5.4"]
[White "Largo Chaparro, Sofia Alejandra"]
[Black "Valencia Quinchia, Isabella"]
[Result "0-1"]
[WhiteElo "1514"]
[BlackElo "1459"]
[PlyCount "122"]
[EventDate "2022.11.02"]
[EventType "team-swiss"]
[EventRounds "7"]
[EventCountry "COL"]
[SourceTitle "CBM 211 Extra"]
[Source "ChessBase"]
[SourceDate "2023.01.31"]
[SourceVersion "1"]
[SourceVersionDate "2023.01.31"]
[SourceQuality "1"]
[WhiteTeam "Boyaca (W)"]
[BlackTeam "Antioquia (W)"]
[WhiteTeamCountry "COL"]
[BlackTeamCountry "COL"]

1. d4 Nf6 2. Bf4 c5 3. e3 g6 4. Nd2 Bg7 5. c3 0-0 6. Bd3 b6 7. Be2 Bb7 8. Ngf3 d6 9. h3 Nbd7 10. 0-0 a6 11. b4 Nd5 12. Qb3 Nxf4 13. exf4 cxb4 14. Qxb4 Nf6 15. c4 Nh5 16. g3 Bc8 17. Rab1 Bxh3 18. Rfc1 Rb8 19. Rb3 h6 20. Rcb1 Qd7 21. Qa3 Nxf4 22. Bf1 Bxf1 23. Kxf1 Qh3+ 24. Ke1 Ne6 25. c5 dxc5 26. dxc5 Nxc5 27. Rxb6 Rxb6 28. Rxb6 Rc8 29. Nb3 Bc3+ 30. Ke2 Nxb3 31. Qxb3 Qf5 32. Nh4 Qe4+ 33. Kf1 Qc4+ 34. Qxc4 Rxc4 35. Rxa6 Bf6 36. Nf3 Rc3 37. Kg2 Kg7 38. a4 Ra3 39. Ra8 g5 40. g4 e5 41. a5 Ra2 42. a6 e4 43. Ng1 Bd4 44. Nh3 e3 45. Kf3 e2 46. Re8 Ra3+ 47. Kg2 Rxa6 48. Rxe2 Kg6 49. Re4 Ba7 50. Re5 Ra2 51. Rf5 f6 52. Rf3 Kg7 53. Rf5 Kg6 54. Rf3 Bd4 55. Kg3 Be5+ 56. Kg2 Ra4 57. Re3 Rxg4+ 58. Kf3 Ra4 59. Kg2 g4 60. Ng1 h5 61. Ne2 h4 0-1

[Event "COL-ch (Women)"]
[Site "Boyaca"]
[Date "2022.08.21"]
[Round "9"]
[White "Largo Chaparro, Sofia Alejandra"]
[Black "Pirachican Gonzalez, Sara"]
[Result "1-0"]
[WhiteElo "1324"]
[BlackElo "1038"]
[PlyCount "26"]
[EventDate "2022.08.17"]
[EventType "swiss"]
[EventRounds "9"]
[EventCountry "COL"]
[SourceTitle "CBM 210 Extra"]
[Source "ChessBase"]
[SourceDate "2022.11.30"]
[SourceVersion "1"]
[SourceVersionDate "2022.11.30"]
[SourceQuality "1"]

1. d4 d5 2. Bf4 Bf5 3. e3 e6 4. Nf3 Nd7 5. c4 Bxb1 6. Rxb1 Bb4+ 7. Nd2 c6 8. a3 Be7 9. Be2 Ngf6 10. 0-0 0-0 11. h3 h6 12. b4 a6 13. c5 Nh5 1-0

[Event "COL-ch U16 Girls"]
[Site "Villavicencio"]
[Date "2022.05.12"]
[Round "3"]
[White "Largo Chaparro, Sofia Alejandra"]
[Black "Raigoso Gonzalez, Sharick Lorena"]
[Result "1-0"]
[WhiteElo "1388"]
[BlackElo "1004"]
[PlyCount "55"]
[EventDate "2022.05.11"]
[EventType "swiss"]
[EventRounds "9"]
[EventCountry "COL"]
[SourceTitle "CBM 208 Extra"]
[Source "ChessBase"]
[SourceDate "2022.07.31"]
[SourceVersion "1"]
[SourceVersionDate "2022.07.31"]
[SourceQuality "1"]

1. d4 d5 2. Bf4 e6 3. e3 Bd6 4. Bg3 Nf6 5. Nf3 c5 6. c3 Ne4 7. Nbd2 Qc7 8. Bd3 f5 9. Bxe4 fxe4 10. Ne5 Nd7 11. Qh5+ g6 12. Nxg6 Nf6 13. Qh4 Rg8 14. Qxf6 Rxg6 15. Qh8+ Kf7 16. Qxh7+ Rg7 17. Qh5+ Kf8 18. Rg1 cxd4 19. exd4 Bd7 20. Qh8+ Rg8 21. Qh6+ Rg7 22. 0-0-0 Rc8 23. Bh4 Ba4 24. Rde1 Ba3 25. Re3 Qa5 26. Qf6+ Kg8 27. Qxe6+ Kh7 28. Qxc8 1-0